000 00204 a2200109 4500
020 _a9789706420572
041 _aspa
100 _aVillar, Apollo
245 _aMatemt̀icas 3
942 _cBK
952 _71
999 _c18225
_d18225